<?xml version="1.0" encoding="UTF-8"?><?xml-stylesheet type="text/xsl" href="static/style.xsl"?><OAI-PMH xmlns="http://www.openarchives.org/OAI/2.0/" xmlns:xsi="http://www.w3.org/2001/XMLSchema-instance" xsi:schemaLocation="http://www.openarchives.org/OAI/2.0/ http://www.openarchives.org/OAI/2.0/OAI-PMH.xsd"><responseDate>2026-05-17T00:18:36Z</responseDate><request verb="GetRecord" identifier="oai:repisalud.isciii.es:20.500.12105/17890" metadataPrefix="marc">https://repisalud.isciii.es/rest/oai/request</request><GetRecord><record><header><identifier>oai:repisalud.isciii.es:20.500.12105/17890</identifier><datestamp>2024-02-10T20:01:53Z</datestamp><setSpec>com_20.500.12105_15322</setSpec><setSpec>com_20.500.12105_2051</setSpec><setSpec>col_20.500.12105_16927</setSpec></header><metadata><record xmlns="http://www.loc.gov/MARC21/slim" xmlns:dcterms="http://purl.org/dc/terms/" xmlns:doc="http://www.lyncode.com/xoai" xmlns:xsi="http://www.w3.org/2001/XMLSchema-instance" xsi:schemaLocation="http://www.loc.gov/MARC21/slim http://www.loc.gov/standards/marcxml/schema/MARC21slim.xsd">
   <leader>00925njm 22002777a 4500</leader>
   <datafield ind2=" " ind1=" " tag="042">
      <subfield code="a">dc</subfield>
   </datafield>
   <datafield ind2=" " ind1=" " tag="720">
      <subfield code="a">Eguiluz-Gracia, Ibon</subfield>
      <subfield code="e">author</subfield>
   </datafield>
   <datafield ind2=" " ind1=" " tag="720">
      <subfield code="a">Pérez-Sánchez, Natalia</subfield>
      <subfield code="e">author</subfield>
   </datafield>
   <datafield ind2=" " ind1=" " tag="720">
      <subfield code="a">Bogas, Gádor</subfield>
      <subfield code="e">author</subfield>
   </datafield>
   <datafield ind2=" " ind1=" " tag="720">
      <subfield code="a">Campo, Paloma</subfield>
      <subfield code="e">author</subfield>
   </datafield>
   <datafield ind2=" " ind1=" " tag="720">
      <subfield code="a">Rondón, Carmen</subfield>
      <subfield code="e">author</subfield>
   </datafield>
   <datafield ind2=" " ind1=" " tag="260">
      <subfield code="c">2019-07-19</subfield>
   </datafield>
   <datafield ind2=" " ind1=" " tag="520">
      <subfield code="a">Chronic rhinitis is a very common disease that can be divided in various phenotypes. Historically, the condition has been classified into the allergic rhinitis (AR) and non-allergic non-infectious rhinitis (NAR) forms, based on the results of the classical biomarkers of atopy: skin prick test and serum allergen-specific IgE However, this classification does not reflect the complexity of the rhinitis syndrome, as illustrated by the existence of non-atopic rhinitis patients who display a nasal reactivity to environmental allergens. This new phenotype has been termed local allergic rhinitis (LAR) and can be only recognized if an additional test such as the nasal allergen challenge (NAC) is integrated in the diagnostic algorithm for chronic rhinitis. Recent data shows that the NAC is a very safe and reliable technique ready for the clinical practice. LAR is a differentiated rhinitis phenotype which often commences during childhood and quickly progresses towards a clinical worsening and the association of comorbidities in other mucosal organs. Recent evidence supports the existence of a bronchial counterpart of LAR (local allergic asthma), which highlights the pathophysiological links between the upper and lower airways and reinforces the united airways concept. Importantly, several controlled studies have demonstrated the ability of allergen immunotherapy to control LAR symptoms while the therapy is being administered. This review emphasizes the need to implement the NAC in the clinical practice in order to facilitate the recognition of LAR patients, allowing for an early prescription of specific therapies with disease-modifying potential.</subfield>
   </datafield>
   <datafield ind1="8" ind2=" " tag="024">
      <subfield code="a">10.3390/jcm8071062</subfield>
   </datafield>
   <datafield ind1="8" ind2=" " tag="024">
      <subfield code="a">2077-0383</subfield>
   </datafield>
   <datafield ind1="8" ind2=" " tag="024">
      <subfield code="a">Journal of clinical medicine</subfield>
   </datafield>
   <datafield ind1="8" ind2=" " tag="024">
      <subfield code="a">http://hdl.handle.net/10668/14276</subfield>
   </datafield>
   <datafield ind1="8" ind2=" " tag="024">
      <subfield code="a">31331047</subfield>
   </datafield>
   <datafield ind1="8" ind2=" " tag="024">
      <subfield code="a">http://hdl.handle.net/20.500.12105/17890</subfield>
   </datafield>
   <datafield tag="653" ind2=" " ind1=" ">
      <subfield code="a">Allergen immunotherapy</subfield>
   </datafield>
   <datafield tag="653" ind2=" " ind1=" ">
      <subfield code="a">Local allergic rhinitis</subfield>
   </datafield>
   <datafield tag="653" ind2=" " ind1=" ">
      <subfield code="a">Nasal allergen challenge</subfield>
   </datafield>
   <datafield ind2="0" ind1="0" tag="245">
      <subfield code="a">How to Diagnose and Treat Local Allergic Rhinitis: A Challenge for Clinicians.</subfield>
   </datafield>
</record></metadata></record></GetRecord></OAI-PMH>